000 00306nam a22001337a 4500
008 170629b xxu||||| |||| 00| 0 eng d
020 _a0394326199
041 _aeng
080 _25TH
_a82
100 _a22
101 _aGJL
245 _aTHE AMERICAN TRADITION IN LITERATURE
_cBRADLEY,S
942 _2udc
_cBK
999 _c19620
_d19620